000 00530nam a2200217Ia 4500
003 OSt
005 20220923230208.0
006 a|||||r|||| 00| 0
007 ta
008 Pun
024 _a278,262
037 _cTextual
040 _aARTS
_cARTS
_bPun
041 _2Pun
_aPun
082 _aO153,1K80:g, K2
245 0 _aਬੁਲਾ Fਾਹ ਕਵੀ ਘਰ ਆਵਸੀ
260 _c1962
650 _aਪੰਜਾਬੀ ਸਾਹਿਤ
942 _hO153,1K80:g, K2
_cTEXL
_2CC
999 _c383191
_d383191